Hughes Electrical and Electronic Technology (Record no. 2118)
[ view plain ]
| 005 - DATE AND TIME OF LATEST TRANSACTION | |
|---|---|
| control field | 20250623085310.0 |
| 020 ## - INTERNATIONAL STANDARD BOOK NUMBER | |
| International Standard Book Number | 978-0-13-206011-0 |
| 082 ## - DEWEY DECIMAL CLASSIFICATION NUMBER | |
| Classification number | LM 621.3 HUG |
| 100 ## - MAIN ENTRY--PERSONAL NAME | |
| Author name | HUGHES, E. |
| 245 ## - TITLE STATEMENT | |
| Title | Hughes Electrical and Electronic Technology |
| 250 ## - EDITION STATEMENT | |
| Edition statement | 10th Ed. |
| 260 ## - PUBLICATION, DISTRIBUTION, ETC. | |
| Place of publication, distribution, etc. | Harlow, |
| Name of publisher, distributor, etc. | Pearson Printice Hall, |
| Date of publication, distribution, etc. | 2008. |
| 300 ## - PHYSICAL DESCRIPTION | |
| Extent | xv,1008p.: ill.; figures, picture, table. |
| Other physical details | Index. |
| Dimensions | 26cm. |
| 856 ## - ELECTRONIC LOCATION AND ACCESS | |
| Link text | Access Book Online |
| Electronic name | Hughes Electrical and Electronic Technology |
| Path | www.pearson-books.com |
| 942 ## - ADDED ENTRY ELEMENTS (KOHA) | |
| Source of classification or shelving scheme | Dewey Decimal Classification |
| Koha item type | Books |
| Date last seen | Total checkouts | Full call number | Barcode | Cost, replacement price | Price effective from | Koha item type | Lost status | Source of classification or shelving scheme | Damaged status | Not for loan | Withdrawn status | Home library | Current library | Shelving location | Date acquired | Cost, normal purchase price |
|---|---|---|---|---|---|---|---|---|---|---|---|---|---|---|---|---|
| 05/07/2025 | LM 621.3 HUG | 0000008160 | 204000.00 | 05/07/2025 | Books | Dewey Decimal Classification | College of Business Education Main Library | College of Business Education Main Library | General Collection | 06/17/2014 | 68000.00 | |||||
| 05/07/2025 | LM 621.3 HUG | 0000008161 | 204000.00 | 05/07/2025 | Books | Dewey Decimal Classification | College of Business Education Main Library | College of Business Education Main Library | General Collection | 06/17/2014 | 68000.00 | |||||
| 05/07/2025 | LM 621.3 HUG | 0000008162 | 204000.00 | 05/07/2025 | Books | Dewey Decimal Classification | College of Business Education Main Library | College of Business Education Main Library | General Collection | 06/17/2014 | 68000.00 |
